=LDR 00000nam 2200000 4500 =001 INLIS000000000050225 =005 20170425022745 =035 ##$$a 0010-0417000040 =007 ta =008 170425###########################0###### =020 ##$$a 978 - 979 - 045 - 439 - 2 =082 ##$$a 500. =084 ##$$a 500 FLO b =100 #$$a Floto - Stammen, Sonja =245 1#$$a Buku Pintar Makanan Bergizi /$c Sonja Floto - Stammen =250 ##$$a Cet.1 =260 ##$$a Solo :$b Tiga Serangkai,$c 2009 =300 ##$$a 148 hlm. : $b Ilus ; $c 29 cm. =650 ##$$a Makanan, Sains =990 ##$$a 73317331 =990 ##$$a 73317331 =990 ##$$a 31700561 =990 ##$$a 02201707331 =990 ##$$a 31700562 =990 ##$$a 31700561 =990 ##$$a 31700561 =990 ##$$a 31700562 =990 ##$$a 31700562 =990 ##$$a 31700561